Pintura islámica e india / (Record no. 184368)

MARC details
000 -LEADER
campo de control de longitud fija 01082nam a2200301 i 4500
001 - NÚMERO DE CONTROL
campo de control 184368
003 - IDENTIFICADOR DE NÚMERO DE CONTROL
campo de control ES-MaACL
005 - FECHA Y HORA DE LA ÚLTIMA TRANSACCIÓN
campo de control 20250815144659.0
008 - DATOS DE LONGITUD FIJA--INFORMACIÓN GENERAL
campo de control de longitud fija 150717s1969 sp ab |||| |dspa d
080 ## - NÚMERO DE LA CLASIFICACIÓN DECIMAL UNIVERSAL
Número de la Clasificación Decimal Universal 75.033.3
080 ## - NÚMERO DE LA CLASIFICACIÓN DECIMAL UNIVERSAL
Número de la Clasificación Decimal Universal 75(540)
100 1# - ENTRADA PRINCIPAL--NOMBRE DE PERSONA
Nombre de persona Lévêque, Jean-Jacques.
9 (RLIN) 71931
245 10 - MENCIÓN DEL TÍTULO
Título Pintura islámica e india /
Mención de responsabilidad, etc. Jean-Jacques Lévêque, Nicole Ménant ; [versión española al cuidado de Rafael Santos Torroella].
260 ## - PUBLICACIÓN, DISTRIBUCIÓN, ETC.
Lugar de publicación, distribución, etc. Madrid :
Nombre del editor, distribuidor, etc. Aguilar,
Fecha de publicación, distribución, etc. 1969.
300 ## - DESCRIPCIÓN FÍSICA
Extensión 207 p. :
Otras características físicas il. col. y n., mapas ;
Dimensiones 27 cm.
490 1# - MENCIÓN DE SERIE
Mención de serie Historia general de la pintura ;
Designación de volumen o secuencia 26
500 ## - NOTA GENERAL
Nota general Cronología.
500 ## - NOTA GENERAL
Nota general Índice.
504 ## - NOTA DE BIBLIOGRAFÍA, ETC.
Nota de bibliografía, etc. Bibliografia: p. 204.
505 8# - NOTA DE CONTENIDO CON FORMATO
Nota de contenido con formato Contiene: ;
Título La pintura islámica ;
-- La pintura india
650 #7 - PUNTO DE ACCESO ADICIONAL DE MATERIA--TÉRMINO DE MATERIA
Término de materia o nombre geográfico como elemento de entrada Pintura musulmana
Fuente del encabezamiento o término embne
9 (RLIN) 157146
650 #7 - PUNTO DE ACCESO ADICIONAL DE MATERIA--TÉRMINO DE MATERIA
Término de materia o nombre geográfico como elemento de entrada Pintura india
Fuente del encabezamiento o término embne
9 (RLIN) 157147
700 1# - ENTRADA AGREGADA--NOMBRE PERSONAL
Nombre de persona Ménant, Nicole.
9 (RLIN) 80070
700 1# - ENTRADA AGREGADA--NOMBRE PERSONAL
Nombre de persona Santos Torroella, Rafael.
9 (RLIN) 103536
830 0# - PUNTO DE ACCESO ADICIONAL DE SERIE-TÍTULO UNIFORME
Título uniforme Historia general de la pintura ;
Designación de volumen o secuencia 26
9 (RLIN) 192109
852 ## - LOCALIZACIÓN
Ubicación ES-MaACL
Número de control de estantería E-15670
Nota libre . - enc. cart.
Holdings
Estatus retirado Estado de pérdida Estado de daño No para préstamo Biblioteca de origen Biblioteca actual Ubicación en estantería Fecha de adquisición Fuente de adquisición Total de préstamos Signatura topográfica completa Código de barras Visto por última vez Precio de reemplazo Tipo de ítem Koha
        Biblioteca del Ateneo de Madrid Biblioteca del Ateneo de Madrid Depósito 2 17/07/2015     E-15670 1193972 23/02/2023 23/02/2023 Libro impreso